Full House - Statistics

General Stats
  • This quiz has been taken 1,283 times
    1,272 since last reset
  • The average score is 9 of 10
Answer Stats
Hint Answer % Correct
Dad in the show Danny
99%
Danny's best friend Joey
97%
Jesse's wife Becky
96%
Girls' uncle Jesse
96%
How many seasons the show ran Eight
94%
Lives next door to the Tanners Kimmy
94%
Family's dog Comet
92%
Three daughters Stephanie, Michelle, Dj
89%
Boyfriend of DJ Steve
88%
Jesse's twins Nicky, Alex
84%
No matching quizzes found
Score Distribution
Percent of People with Each Score
Percentile by Number Answered
Your Score History
You have not taken this quiz since the last reset